000 00800nam a2200253Ia 4500
003 OSt
005 20220918171018.0
006 a|||||r|||| 00| 0
007 ta
008 220917b |||||||| |||| 00| 0 eng d
020 _a9781137377883 (hbk)
_cUKP 60.00
024 _a317,652
037 _b12975, 08/03/2017, Elite Publishers Distributors
_cTextual
040 _aARTS
_cARTS
_beng
041 _2eng
_aeng
082 _aR39, Q4
100 _aSeidel Markus
_933109
245 0 _aEpistemic relativism
_b a constructive critique
260 _aLondon
_bPalgrave Macmillan UK
_c2014
300 _ax,284p.
_ccm.
650 _aMETAPHYSICS; CRITICISM
_933110
942 _hR39, Q4
_cTEXL
_2CC
999 _c137262
_d137262